01167nam a22002057a 45000010005000000030006000050050017000110080041000280200018000690400029000870500018001160820010001341000019001442450039001632600049002023000025002514900037002765200609003136500039009229777FISKH20260223150915.0260223b cb ||||| |||| 00| 0 eng d a9780755500093 aFISKHbengcFISKHdFISKH aPZ7 .M2695 .T a813.6 aMafi, Tahereh  aThis woven kingdom /cTahereh Mafi aLondon : bHarper Collins Publisher, c2022  a494 pages : c20 cm  aThis Woven Kingdom : vBook one  aTo all the world, Alizeh is a disposable servant, not the long-lost heir to an ancient Jinn kingdom forced to hide in plain sight. The crown prince, Kamran, has heard the prophecies foretelling the death of his king. But he could never have imagined that the servant girl with the strange eyes, the girl he can't put out of his mind, would one day soon uproot his kingdom—and the world. Perfect for fans of Leigh Bardugo, Tomi Adeyemi, and Sabaa Tahir, this is the explosive first book in a new fantasy trilogy from the New York Times bestselling and National Book Award-nominated author Tahereh Mafi. aHigh FantasyvRomancexYoung Adult